| 000 | 00946nas a2200301 4500 | ||
|---|---|---|---|
| 001 | BR2018000973 | ||
| 003 | BR-BrBNA | ||
| 005 | 20231205131325.0 | ||
| 007 | ta | ||
| 008 | 230509b bl.|||p| |||| 00| 00por d | ||
| 040 |
_aBR-BrBNA _bpor _cBiblioteca Nacional de Agricultura |
||
| 041 | _a(En) | ||
| 072 | _aF63; F30 | ||
| 100 | 1 | _aCapitani, L.C. | |
| 100 | 1 | _aRovedder, A.P.M. | |
| 100 | 1 | _aSilva Júnior, J.C.C. da | |
| 100 | 1 | _aPeccatti, A. | |
| 245 | 1 | _aPollen viability and autogamy fitness in Bauhinia forficata Link (Fabaceae) | |
| 650 | _aBAUHINIA FORFICATA | ||
| 650 | _aMORORO | ||
| 650 | _aAUTOGAMIA | ||
| 650 | _aPÓLEN | ||
| 650 | _aVARIAÇÃO GENÉTICA | ||
| 773 | 0 |
_tFloresta e Ambiente (Brazil) _xISSN 2179-8087 _g(2018), v. 25(3) p. 1-8 _wBR2018000973 |
|
| 856 | 4 | 0 | _uhttp://www.scielo.br/pdf/floram/v25n3/2179-8087-floram-25-3-e20160433.pdf |
| 909 |
_a202311 _bLúcia _c55 _dLúcia Elande |
||
| 942 |
_2AGRIS _n0 _cANA |
||
| 999 |
_c254184 _d254184 |
||